000 00579nam a2200217Ia 4500
008 101110s9999 xx 000 0 und d
041 _aENGLISH
082 _bSR34236
100 _aShroff Rustum, Shroff Adarsh
245 _aAn introduction to electrodynamics TYBSC
260 _c2010
_bSheth pub pvt ltd, Mumbai
300 _a273
365 _b110
520 _aPhysics
546 _aENGLISH
630 _aAn introduction to electrodynamics TYBSC
650 _aPhysics
655 _aPhysics
730 _aAn introduction to electrodynamics TYBSC
942 _cBOOK
999 _c826737
_d826734